Statistics for Blue Sky Animation Movies!

Click here to take the quiz!

General Stats

  • This quiz has been taken 24 times
  • The average score is 11 of 13

Answer Stats

YearMovie% Correct
2002Ice Age
100%
2012Ice Age: Continental Drift
100%
2009Ice Age: Dawn of the Dinosaurs
100%
2006Ice Age: The Meltdown
100%
2016Ice Age: Collision Course
95%
2011Rio
95%
2014Rio 2
95%
2005Robots
80%
2019Spies in Disguise
70%
2013Epic
60%
2017Ferdinand
60%
2008Horton Hears A Who!
55%
2015The Peanuts Movie
55%

Score Distribution

Percentile by Number Answered

Percent of People with Each Score

Your Score History

You have not taken this quiz